000 00707nam a2200241 a 4500
001 000001810
005 20200929145718.0
008 090629s1999 sp 001 0 spa d
020 _a8479545054
040 _aDO-SdBNP
082 _a291.1303
_bC371d
100 1 _aYarza, F. Caudet
_95880
245 1 0 _aDiccionario de mitología /
_cF. Caudet Yarza.
260 _aMadrid :
_bEdimat Libros,
_c1999.
300 _a184 p. ;
_c16 cm.
440 0 _aVariopinto
_95881
500 _aIncluye índice
500 _aIncluye historia de la mitología
504 _aIncluye datos bibliográficos (p. 183-184)
650 4 _aMitología
_xDiccionario
_95882
650 4 _aMitología
_xHistoria
_95883
049 _aBNPD
999 _c1687
_d1687